000 00793nam a2200265 i 4500
001 C2-0301390
003 PPAK
005 20180728082712.0
008 091209s1995 my a|||| ||||| | may d
040 _aPPAK
_beng
_cPPAK
_erda
082 0 4 _a297.54
_223
090 0 0 _a297.54
_bRIS
_dKAA
090 0 0 _a297.54
_bRIS
_dKSS
110 2 _aMahmud Haji Ismail Naim, Dato' Sheikh
245 0 0 _aRisalah Zakat
264 1 _aKedah :
_bJabatan Zakat Negeri Kedah ,
_c1995
300 _a44 pages :
_billustrations ;
_c21 cm
336 _2rdacontent
_atext
337 _2rdamedia
_aunmediated
338 _2rdacarrier
_avolume
500 _aTeks dalam tulisan Jawi ; dan Teks dalam tulisan rumi
650 1 0 _aZakat
710 2 _aMahmud Haji Ismail Naim, Dato' Sheikh
_eorganizer
942 _ddc
_cB
999 _c105180
_d105180